Pritiahne Skamenený súčasnú tvorbu aj do Banskej Bystrice?

Bibliographic Details
Main Author: Červená, Ľudmila, 1952- (Author)
Format: Article
Language:Slovak
Subjects:

MARC

LEADER 00000nab a2200000 a 4500
001 vtls000560746
003 SK-MaSNL
005 20260303211013.0
008 120929c1995 xo 0 slo
015 |a SNBRB19rr/mm-uuuuu 
035 |a CL0560884 
040 |a SNKBUCL  |b slo  |c SNKBUCL  |e AACR2 
041 0 |a slo 
044 |a xo  |c SK 
080 |a 792.5  |2 1981 
100 1 |a Červená, Ľudmila,  |d 1952-  |4 aut  |9 122681 
245 1 0 |a Pritiahne Skamenený súčasnú tvorbu aj do Banskej Bystrice?  |c Ľudmila Červená 
500 |a Réžia Martin Bendik 
600 1 7 |a Beneš, Juraj,  |d 1940-2004  |t Skamenený  |2 snkbucl  |9 117387 
610 2 7 |a Štátna opera Banská Bystrica  |2 snkbucl  |9 32008 
650 0 7 |a opery  |2 snkbucl  |9 3214 
655 7 |a recenzie  |2 snkbucl  |9 21907 
655 7 |a články z novín a časopisov  |2 snkbucl  |9 267496 
773 0 |t Národná obroda  |g Roč. 6, č. 238 (14. 10. 1995), s. 8 
850 |a Slovenská národná knižnica v Martine  |a MTA001 
852 |a SNK  |b KIS3GCP 
992 |a RBX 
999 |c 2202621  |d 2204551